WOSO Player Chain II - Statistics

General Stats
  • This quiz has been taken 179 times
  • The average score is 10 of 32
Answer Stats
Hint Answer % Correct
Moved from Arsenal to Aston Villa in 2023 Nobbs
85%
Norwegian who plays for Chelsea Reiten
81%
Newly announced Man United captain Le Tissier
79%
Wears number 1 for Arsenal Zinsberger
79%
Has played for FC Twente, Bayern Munich, Arsenal, Wolfsburg, and now Man City Roord
73%
Her surname is the same as the country she represents... England
71%
Arsenal women's player who is currently pregnant Ilestedt
47%
French midfielder who plays for Aston Villa Dali
45%
Joint-tied for most seasons played in the WSL (Hint: She's one of the above answers!) Nobbs
39%
Arsenal player who spent last season on loan to Everton Kuhl
36%
Scored the first goal of the 2023/24 FA Cup Final Toone
34%
Another recent Japanese signing for Manchester City, this time in goal Yamashita
33%
Won the WSL golden boot in the 22/23 season Daly
30%
Most clean sheets in the WSL 23/24 season Keating
30%
Holds record for Most Appearances in the WSL Ingle
25%
Became the youngest ever goalscorer in the WSL when she scored an equaliser against Arsenal in April 2024 Hobson
22%
Welsh defender who moved from Man United to Liverpool this summer Evans
21%
Loaned to West Ham from Spurs in 23/24 season, and has now signed with the Hammers permanently. Zadorsky
21%
Dutch goalkeeper who plays for Leicester City Kop
19%
Japanese midfielder who plays for Liverpool Nagano
19%
New Crystal Palace goalkeeper Yanez
19%
Player who scored a brace against United in the Manchester derby last season Park
16%
Has played for the most different clubs in the WSL (currently at Villa) Staniforth
16%
The only Chilean international in the WSL, who plays for West Ham Saez
13%
Recent Japanese Man City signing, who says her favourite Taylor Swift song is Anti Hero Shimizu
12%
Finnish midfielder who plays for Spurs Ahtinen
11%
Dutch defender who moved from FC Twente to Brighton at the start of this summer Olislagers
9%
Holds the record for most WSL appearances as a teenager Le Tissier
8%
German goalkeeper who plays for Brighton Loeck
7%
The only player in the WSL who's surname begins with this letter... Ueki
7%
Liverpool academy graduate who signed a professional contract with them in 2022 Silcock
5%
Danish forward who recently signed with Crystal Palace Gejl
4%
No matching quizzes found
Score Distribution
Percent of People with Each Score
Percentile by Number Answered
Your Score History
You have not taken this quiz